000 01004nam a22002177a 4500
999 _c60398
_d60398
003 Ge_BSU
005 20230712095333.0
008 230712s1986ge xxu||||| |||| 00| 0 geo d
041 _ageo
080 _a930(479.22)(092) ბ-14
100 _aბადრიძე, შოთა
_919254
245 _aსარგის კაკაბაძე :
_b [ისტორიკოსი] /
_cშოთა ბადრიძე.
264 _aთბილისი :
_bმეცნიერება,
_c1986.
300 _a50 გვ. :
_bილ. ;
_c19 სმ.
504 _a ბიბლიოგრ.: გვ. 24-47
520 _a რეზ. რუს.
653 _aკაკაბაძე სარგის
653 _aქართველი ისტორიკოსები
710 _aივ. ჯავახიშვილის სახ. ისტორიის, არქეოლოგიისა და ეთნოგრაფიის ინ-ტი.
_919255
942 _2udc
_cBK